000 01120pab a2200169 454500
008 180718b2008 xxu||||| |||| 00| 0 eng d
100 _aSingh, B.D.
245 _aPolicy framework for public private partnership in human development
260 _c2008
300 _ap.572-586.
362 _aJul-Sep
520 _aThe effectiveness of regulatory frameworks in a critical factor in any arrangement for PPPs. Government capacity to set up appropriate regulatory systems and consequently make appropriate decisions about private sector participation can determine which partnership options are most suitable for the country. Also the regulatory system selected by government can considerably affect the business environment, and, as a result, determine the competitiveness and ability of private operators to efficiently conduct business. This article assesses scope for PPP in the key areas for effective human development, viz. education, health care, water and sanitation. - Reproduced.
650 _aPublic private partnership
773 _aIndian Journal of Public Administration
908 _aN
909 _a79863
999 _c79863
_d79863